Деятельность партийных организаций Сибири среди крестьянок (1920-1925 гг.); Сибирь и Дальний Восток в период восстановления народного хозяйства; Вып. 4

Dades bibliogràfiques
Parent link:Сибирь и Дальний Восток в период восстановления народного хозяйства: сборник статей/ Томский государственный университет (ТГУ)
Вып. 4.— 1965.— С. 21-43
Autor principal: Климанская К. Е.
Sumari:В фонде НТБ ТПУ отсутствует
Idioma:rus
Publicat: 1965
Matèries:
Format: MixedMaterials Capítol de llibre
KOHA link:https://koha.lib.tpu.ru/cgi-bin/koha/opac-detail.pl?biblionumber=601132

MARC

LEADER 00000naa0a2200000 4500
001 601132
005 20250211094802.0
035 |a (RuTPU)RU\TPU\tpu\25835 
035 |a RU\TPU\tpu\80 
090 |a 601132 
100 |a 20141009d1965 k y0rusy50 ca 
101 0 |a rus 
102 |a RU 
200 1 |a Деятельность партийных организаций Сибири среди крестьянок (1920-1925 гг.)  |f К. Е. Климанская 
333 |a В фонде НТБ ТПУ отсутствует 
461 |t Сибирь и Дальний Восток в период восстановления народного хозяйства  |o сборник статей  |f Томский государственный университет (ТГУ) 
463 |t Вып. 4  |v С. 21-43  |d 1965 
610 1 |a история 
610 1 |a труды учёных ТПУ 
700 1 |a Климанская  |b К. Е. 
801 0 |a RU  |b 63413507  |c 20011210  |g PSBO 
801 2 |a RU  |b 63413507  |c 20141009  |g PSBO 
942 |c BK